Fort Boyard : Les épreuves - Statistiques

Statistiques générales
  • Ce quiz a été pris 99 fois
  • Le résultat moyen est 10 sur 16
Statistiques - réponses
Par images Réponse % Correct
Caserne
88%
Casino
87%
Banque
82%
Ketchuperie
82%
Tête chercheuse
79%
Excalibur
77%
Museum
73%
Cabine abandonnée
71%
Bibliothèque
70%
Safari
65%
Jarres
60%
Percolateur
51%
Alerte Rouge
44%
Tri sélectif
44%
Balles de coton
21%
Pied marin
20%
Aucun quiz correspondant
Distribution des résultats
% des personnes avec chaque résultat
Percentile par nombre de réponses
Votre historique - résultats
Vous n’avez pas pris ce quiz